000 00494nam a2200193Ia 4500
003 GCL
008 140319s9999 xx 000 0 eng d
040 _aGCL /
_cGCL
082 0 4 _a823
_bA K
100 1 _aARCHER, FEFFREY.
245 1 0 _aKANE AND ABEL /
_cARCHER, FEFFREY.
260 _a[S.N] :
_bHARPER COLLINS COLLEGE PUBLISBERS ،
_c1993
300 _a550 P
650 0 4 _aENGLISH LITERATURE
650 0 4 _aLITERATURE
650 0 4 _aENGLISH FICTION
650 0 4 _aNOVELS
942 _2ddc
_cBK
999 _c13062
_d13062